NLSUI OPAC header image

Creating the entangling alliance : The origins of the North Atlantic treaty organisation (Record no. 4103)

MARC details
000 -LEADER
fixed length control field 00478nam a2200157Ia 4500
008 - FIXED-LENGTH DATA ELEMENTS--GENERAL INFORMATION
fixed length control field 160316s1981 xxu||||| |||| 00| 0 eng d
082 ## - DEWEY DECIMAL CLASSIFICATION NUMBER
Classification number 355.031000
Item number IRE
100 ## - MAIN ENTRY--PERSONAL NAME
Personal name Ireland Timothy P
245 ## - TITLE STATEMENT
Title Creating the entangling alliance : The origins of the North Atlantic<br/>treaty organisation
250 ## - EDITION STATEMENT
Edition statement
260 ## - PUBLICATION, DISTRIBUTION, ETC.
Place of publication, distribution, etc. Connecticut
Name of publisher, distributor, etc. Greenwood Press
Date of publication, distribution, etc. 1981
300 ## - PHYSICAL DESCRIPTION
Extent 245p
Other physical details 20 cm
Dimensions x
365 ## - TRADE PRICE
Price amount $27.50
650 ## - SUBJECT ADDED ENTRY--TOPICAL TERM
Topical term or geographic name entry element 1.North Atlantic - Treaty - Organisation
700 ## - ADDED ENTRY--PERSONAL NAME
Personal name
--
Holdings
Withdrawn status Lost status Damaged status Not for loan Home library Current library Shelving location Date acquired Cost, normal purchase price Total Checkouts Full call number Barcode Date last seen Price effective from Koha item type
        . . Library Compactors 30.05.2017 27.50   355.031 IRE 4273 30.05.2017 30.05.2017 BOOKs